| 000 | 02479nam0a2200313 4500 | ||
|---|---|---|---|
| 001 | RU\NLR\bibl\1099231 | ||
| 005 | 20260407073706.0 | ||
| 010 |
_a5-93-647-008-3 _91026 |
||
| 021 |
_aRU _b2007-31490 _91671 |
||
| 035 | _a(NLR Aleph) 001086334 | ||
| 090 |
_a1090357 _c1090357 |
||
| 100 | _a20070618d2007 |||y0rusy50 ca | ||
| 101 | 0 | _arus | |
| 102 | _aRU | ||
| 105 | _ay ||||||||| | ||
| 200 | 1 |
_aО железнодорожном транспорте в Российской Федерации _e(с дополнениями и изменениями согласно Федерального закона N 115-ФЗ от 07.07.2003 г.) _e[принят Государственной Думой 24 декабря 2002 года _eодобрен Советом Федерации 27 декабря 2002 года] _aУстав железнодорожного транспорта Российской Федерации _e(с дополнениями и изменениями согласно Федерального закона N 122-ФЗ от 07.07.2003 г.) _e[принят Государственной Думой 24 декабря 2002 года _eодобрен Советом Федерации 27 декабря 2002 года] _aОб особенностях управления и распоряжения имуществом железнодорожного транспорта _e[принят Государственной Думой 7 февраля 2003 года _eодобрен Советом Федерации 12 февраля 2003 года] _aО внесении изменения и дополнений в ФЗ "О естественных монополиях" _e[принят Государственной Думой 24 декабря 2002 года _eодобрен Советом Федерации 27 декабря 2002 года] |
|
| 205 | _a[Офиц. изд.] | ||
| 210 |
_aМосква _cТрансинфо _d2007 |
||
| 215 |
_a187 с. _d17 |
||
| 225 | 1 | _aФедеральные законы | |
| 606 | 1 |
_aЖелезнодорожный транспорт _xПравовое регулирование _yРоссийская Федерация _92139389 _3RU\NLR\auth\661289647 |
|
| 686 | _aХ621.145.2-39(2Р) | ||
| 740 | 1 |
_aРоссийская Федерация _tЗаконы _3RU\NLR\AUTH\883331 _9277893 |
|
| 801 | 0 |
_aRU _bNLR _c20070618 _gRCR |
|
| 801 | 1 |
_aRU _bNLR _c20070618 |
|
| 942 | _cBOOK | ||
| 980 | _aNB | ||